00385nam a2200145Ia 4500008004100000040001900041041001200060082002500072245003600097260003300133300002600166504001900192650001000211850001800221131103s9999 xx 000 0 und d aLoreto College aEnglish a740/REFbLCBED/10215 aShankar's children's art number aDelhibYamuna Shankarc[19?] avol.29b pic.c 24cm. aIncludes index aCraft aLCBED/740/REF